Los usurpadores

Guardat en:
Dades bibliogràfiques
Autor principal: Ayala, Francisco (Autor)
Format: Llibre
Idioma:espanyol
Publicat: Madrid Espasa Calpe 1978
Col·lecció:Selecciones Austral, 41
Matèries:
Etiquetes: Afegir etiqueta
Sense etiquetes, Sigues el primer a etiquetar aquest registre!

MARC

LEADER 00000nam a2200000 a 4500
001 UCT5811
003 CL-VaPUC
008 961223e19780000SP |||||||||||||||||spa|d
082 0 4 |a 863  |b AYA  |2 21 
100 |a Ayala, Francisco  |e author  |9 466127 
245 1 4 |a Los usurpadores 
246 1 3 |a La cabeza del cordero 
300 |a 340 p 
942 |c BK 
945 |d 19961223 00:00:00  |a nastorga 
260 |a Madrid  |b Espasa Calpe  |c 1978 
650 0 |a Cuentos españoles  |9 267960 
583 |a last modification  |c 19961223 00:00:00  |k Rodrigo Vera 
490 0 |a Selecciones Austral, 41 
999 |c 254617  |d 254615 
952 |0 0  |1 0  |4 0  |6 863_000000000000000_AYA_1978  |7 0  |8 A  |9 276421  |a BIBEDU  |b BIBEDU  |d 2019-11-19  |i 3261190  |o 863 AYA 1978  |p 3261190  |r 2019-11-19  |w 2019-11-19  |y BK  |k LIT